000 00765nam a2200289Ia 4500
005 20260324112647.0
008 008 260324s9999 xx 000 0 eng d
020 _a9781032686363
037 _aEBOOK
040 _aCRL
040 _beng
040 _cCRL
041 _2eng
041 _aeng
084 _qCRL
100 _aP R Anisha; Samiya Khan; Marlia Mohd Hanafiah; Lavanya Pamulaparty; R Madana Mohana; C. Kishor Kumar Reddy
_91143625
245 0 _aSustainability in Industry 5.0
245 0 _bTheory and Applications
260 _bTaylor and Francis
260 _c2024
365 _a
365 _b290
856 _uhttp://www.taylorfrancis.com/books/9781032686363
942 _cEBOOK
999 _c1732914
_d1732914